[Event "Remote-ch Gr.B email"]
[Site "Remote email"]
[Date "2014.02.01"]
[Round "?"]
[White "Koenigsberger, Christian"]
[Black "Langschmidt, Dirk"]
[Result "1/2-1/2"]
[WhiteElo "2221"]
[BlackElo "1980"]
[PlyCount "57"]
[EventDate "2014.??.??"]
[EventType "tourn (corr)"]
[EventRounds "7"]
[EventCountry "GER"]
[SourceTitle "Corr 2015"]
[Source "ChessBase"]
[SourceDate "2015.07.17"]
[SourceVersion "1"]
[SourceVersionDate "2015.07.17"]
[SourceQuality "1"]

1. e4 c5 2. Nc3 Nc6 3. f4 e6 4. Nf3 d5 5. Bb5 Nge7 6. exd5 exd5 7. Qe2 g6 8. Qe5 Rg8 9. Bxc6+ bxc6 10. 0-0 Bg7 11. Qe2 Bg4 12. Re1 Kf8 13. Qf2 Bxf3 14. Qxf3 Bd4+ 15. Kh1 Kg7 16. d3 Bf6 17. g4 Kh8 18. Ne2 Qd6 19. Ng3 Rge8 20. c3 Rab8 21. f5 Ng8 22. Rxe8 Rxe8 23. Bd2 h6 24. fxg6 fxg6 25. Rf1 Kg7 26. g5 hxg5 27. Bxg5 Rf8 28. Qg4 Bxg5 29. Qxg5 1/2-1/2

[Event "Remote S5E No Engine email"]
[Site "Remote email"]
[Date "2013.06.01"]
[Round "?"]
[White "Koenigsberger, Christian"]
[Black "Tortoza, Carlos Alberto"]
[Result "1-0"]
[WhiteElo "2221"]
[BlackElo "1653"]
[PlyCount "65"]
[EventDate "2013.??.??"]
[EventType "tourn (corr)"]
[EventRounds "6"]
[EventCountry "GER"]
[SourceTitle "Corr 2015"]
[Source "ChessBase"]
[SourceDate "2015.07.17"]
[SourceVersion "1"]
[SourceVersionDate "2015.07.17"]
[SourceQuality "1"]

1. e4 c5 2. c3 Nc6 3. d4 cxd4 4. cxd4 d5 5. exd5 Qxd5 6. Nf3 Bg4 7. Be2 Bxf3 8. Bxf3 Qb5 9. Nc3 Qc4 10. Bxc6+ bxc6 11. Qa4 Qe6+ 12. Be3 Nf6 13. 0-0-0 Qd6 14. d5 e6 15. dxe6 Qxe6 16. Rhe1 Qc8 17. Bc5+ Be7 18. Rxe7+ Kf8 19. Rc7+ Kg8 20. Rxc8+ Rxc8 21. Qxc6 Re8 22. Qxe8+ Nxe8 23. Rd8 h6 24. Rxe8+ Kh7 25. Rxh8+ Kxh8 26. Bxa7 f5 27. b4 Kg8 28. b5 Kf7 29. b6 Kg6 30. b7 Kg5 31. b8Q g6 32. Nd5 h5 33. Qf4# 1-0

[Event "Remote S5E No Engine Pyramide email"]
[Site "Remote email"]
[Date "2013.02.04"]
[Round "?"]
[White "Decking, Lutz"]
[Black "Koenigsberger, Christian"]
[Result "1/2-1/2"]
[WhiteElo "2132"]
[BlackElo "2221"]
[PlyCount "71"]
[EventDate "2013.??.??"]
[EventType "tourn (corr)"]
[EventRounds "6"]
[EventCountry "GER"]
[SourceTitle "Corr 2015"]
[Source "ChessBase"]
[SourceDate "2015.07.17"]
[SourceVersion "1"]
[SourceVersionDate "2015.07.17"]
[SourceQuality "1"]

1. d4 f5 2. c4 Nf6 3. Nf3 e6 4. Nc3 d5 5. e3 c6 6. Be2 Bd6 7. c5 Bc7 8. b4 0-0 9. Ne5 Nbd7 10. f4 Ne4 11. Nxe4 fxe4 12. 0-0 Nxe5 13. fxe5 Rxf1+ 14. Qxf1 a6 15. a4 Bd7 16. Bd2 Qg5 17. Qf4 Qxf4 18. exf4 Kf7 19. g4 g6 20. Kf2 Bd8 21. g5 Be7 22. Ra3 Kg7 23. h4 Kf7 24. Bc1 Kg7 25. h5 Kg8 26. Bg4 Kg7 27. Rh3 Rh8 28. Ra3 Ra8 29. Ke2 Bd8 30. a5 Be7 31. Rh3 Rh8 32. Ke3 Rf8 33. Be2 Be8 34. h6+ Kg8 35. Rh1 Bd7 36. Bd2 1/2-1/2

[Event "Remote S5E No Engine Gros.1 email"]
[Site "Remote email"]
[Date "2012.10.15"]
[Round "?"]
[White "Koenigsberger, Christian"]
[Black "Klein, Tobias"]
[Result "1/2-1/2"]
[WhiteElo "2221"]
[BlackElo "2176"]
[PlyCount "81"]
[EventDate "2012.??.??"]
[EventType "tourn (corr)"]
[EventRounds "12"]
[EventCountry "GER"]
[SourceTitle "Corr 2015"]
[Source "ChessBase"]
[SourceDate "2015.07.17"]
[SourceVersion "1"]
[SourceVersionDate "2015.07.17"]
[SourceQuality "1"]

1. e4 e5 2. Nc3 Nf6 3. Bc4 Nc6 4. d3 d6 5. f4 Bg4 6. Nge2 Be7 7. a3 exf4 8. Bxf4 0-0 9. 0-0 Nd4 10. h3 Nxe2+ 11. Nxe2 Be6 12. Bxe6 fxe6 13. Ng3 Qe8 14. Be3 Qg6 15. Ne2 Nh5 16. Nf4 Nxf4 17. Bxf4 a5 18. Qd2 Bf6 19. c3 e5 20. Be3 Bh4 21. Qe2 a4 22. c4 Bg5 23. Qd2 Bxe3+ 24. Qxe3 b6 25. Qd2 Qg3 26. Qc2 h6 27. Rf5 Rxf5 28. exf5 Qe3+ 29. Kh1 Qf4 30. g4 Re8 31. Qxa4 Qf3+ 32. Kh2 Re7 33. Qc2 e4 34. d4 e3 35. Qg2 Qf4+ 36. Kg1 e2 37. Qf2 Qd2 38. Re1 Qxb2 39. f6 gxf6 40. Qxf6 Qd2 41. Qf2 1/2-1/2

[Event "Remote S5E No Engine Gros.1 email"]
[Site "Remote email"]
[Date "2012.10.15"]
[Round "?"]
[White "Langschmidt, Dirk"]
[Black "Koenigsberger, Christian"]
[Result "1/2-1/2"]
[WhiteElo "2035"]
[BlackElo "2221"]
[PlyCount "95"]
[EventDate "2012.??.??"]
[EventType "tourn (corr)"]
[EventRounds "12"]
[EventCountry "GER"]
[SourceTitle "Corr 2015"]
[Source "ChessBase"]
[SourceDate "2015.07.17"]
[SourceVersion "1"]
[SourceVersionDate "2015.07.17"]
[SourceQuality "1"]

1. e4 e6 2. d4 d5 3. e5 c5 4. c3 Qb6 5. Nf3 Nc6 6. Be2 cxd4 7. cxd4 Nge7 8. Nc3 Nf5 9. Na4 Qa5+ 10. Kf1 Bd7 11. b3 b5 12. Nb2 Qc3 13. Bxb5 Ncxd4 14. Bxd7+ Kxd7 15. Nxd4 Qxd4 16. g4 Qe4 17. f3 Ne3+ 18. Bxe3 Qxe3 19. Qe2 Bc5 20. Nd3 Rhc8 21. Rc1 Qxe2+ 22. Kxe2 Ba3 23. Rxc8 Rxc8 24. Kd2 a5 25. Ra1 g5 26. Rh1 Be7 27. Rc1 Rxc1 28. Kxc1 f5 29. Kb2 fxg4 30. fxg4 d4 31. a3 Kc6 32. b4 axb4 33. axb4 Kb5 34. Kb3 h6 35. h3 Bf8 36. Ne1 Bxb4 37. Nf3 Kc5 38. h4 gxh4 39. g5 hxg5 40. Nxg5 Bd2 41. Ne4+ Kd5 42. Nxd2 Kxe5 43. Nf3+ Ke4 44. Nxh4 Ke3 45. Kc4 e5 46. Nf5+ Ke4 47. Ng3+ Kf4 48. Nf1 1/2-1/2

[Event "Remote S5E No Engine Gros.1 email"]
[Site "Remote email"]
[Date "2012.10.15"]
[Round "?"]
[White "Schmitt, Harald"]
[Black "Koenigsberger, Christian"]
[Result "0-1"]
[WhiteElo "2096"]
[BlackElo "2221"]
[PlyCount "34"]
[EventDate "2012.??.??"]
[EventType "tourn (corr)"]
[EventRounds "12"]
[EventCountry "GER"]
[SourceTitle "Corr 2015"]
[Source "ChessBase"]
[SourceDate "2015.07.17"]
[SourceVersion "1"]
[SourceVersionDate "2015.07.17"]
[SourceQuality "1"]

1. d4 f5 2. Nf3 Nf6 3. c4 e6 4. g3 d5 5. Bg2 c6 6. c5 b6 7. b4 a5 8. bxa5 bxc5 9. Bd2 cxd4 10. Nxd4 e5 11. Nb3 Bd6 12. 0-0 0-0 13. Nc3 Be6 14. Bg5 Nbd7 15. Na4 Bb4 16. Rc1 Qe8 17. Bxf6 Nxf6 0-1

[Event "Remote S5E No Engine Gros.1 email"]
[Site "Remote email"]
[Date "2012.10.15"]
[Round "?"]
[White "Witt, Monika"]
[Black "Koenigsberger, Christian"]
[Result "0-1"]
[WhiteElo "1421"]
[BlackElo "2221"]
[PlyCount "56"]
[EventDate "2012.??.??"]
[EventType "tourn (corr)"]
[EventRounds "12"]
[EventCountry "GER"]
[SourceTitle "Corr 2015"]
[Source "ChessBase"]
[SourceDate "2015.07.17"]
[SourceVersion "1"]
[SourceVersionDate "2015.07.17"]
[SourceQuality "1"]

1. e4 e5 2. Nf3 f5 3. Nxe5 Qf6 4. d4 d6 5. Bb5+ c6 6. Bxc6+ bxc6 7. Nc4 fxe4 8. Be3 d5 9. Ncd2 Bd6 10. a3 Ne7 11. Qh5+ Qg6 12. Qxg6+ hxg6 13. Nc3 Nd7 14. 0-0-0 Ba6 15. f4 Nf5 16. Bg1 Bxf4 17. g3 Bxd2+ 18. Rxd2 Nxg3 19. hxg3 Rxh1 20. Rd1 0-0-0 21. Na4 Rf8 22. Kb1 e3 23. Kc1 e2 24. Re1 Rxg1 25. Kd2 Rxe1 26. Nc3 Rd1+ 27. Ke3 e1R+ 28. Ne2 Rxe2# 0-1